| 000 | 00853nam a2200241 i 4500 | ||
|---|---|---|---|
| 001 | 91424 | ||
| 003 | ES-MaACL | ||
| 005 | 20250815104806.0 | ||
| 007 | t| | ||
| 008 | 050131s1978 sp ||||1| spa d | ||
| 100 | 1 |
_aLévy-Bruhl, Lucien. _972014 |
|
| 245 | 1 | 3 |
_aLa mitología primitiva _b: el mundo mitico de los austrailanos y de los papúes / _cLucien Levy-Bruhl ; [traducción de R. Pochtari. |
| 250 | _a[1ª ed.]. | ||
| 260 |
_a[Barcelona] : _bPenínsula, _c[1978] |
||
| 300 |
_a293 p. ; _c20 cm. |
||
| 490 | 1 | _aSerie universitaria. Historia, Ciencia, Sociedad | |
| 650 | 4 |
_aMitología papú. _9157167 |
|
| 650 | 4 |
_aMitología aborigen australiana. _9157168 |
|
| 700 | 1 |
_aPochtar, Ricardo. _992703 |
|
| 830 | 0 | 0 |
_aSerie universitaria. _pHistoria, ciencia, sociedad _9182628 |
| 852 |
_aES-MaACL _jA-8698 _bR.97918 |
||
| 999 |
_c91424 _d91424 |
||